Advanced engineering mathematics (Record no. 2354)

000 -LEADER
fixed length control field 00457nam a22001937a 4500
001 - CONTROL NUMBER
control field 2354
003 - CONTROL NUMBER IDENTIFIER
control field BD-DhUET
008 - FIXED-LENGTH DATA ELEMENTS--GENERAL INFORMATION
fixed length control field 140922b xxu||||| |||| 00| 0 eng d
020 ## - INTERNATIONAL STANDARD BOOK NUMBER
International Standard Book Number 8121903459
040 ## - CATALOGING SOURCE
Transcribing agency 0
Modifying agency BD-DhUET
082 ## - DEWEY DECIMAL CLASSIFICATION NUMBER
Classification number 510
Item number DAS/2007
100 ## - MAIN ENTRY--PERSONAL NAME
Personal name Dass, H.K.
245 ## - TITLE STATEMENT
Title Advanced engineering mathematics
250 ## - EDITION STATEMENT
Edition statement 17th Rev. ed.
260 ## - PUBLICATION, DISTRIBUTION, ETC. (IMPRINT)
Place of publication, distribution, etc. Ram Nagar
Name of publisher, distributor, etc. S. Chand.
Date of publication, distribution, etc. 2007
300 ## - PHYSICAL DESCRIPTION
Extent xvi,1274p.
650 #0 - SUBJECT ADDED ENTRY--TOPICAL TERM
Topical term or geographic name as entry element Mathematics
942 ## - ADDED ENTRY ELEMENTS (KOHA)
Koha item type General Book
Holdings
Damaged status Koha item type Piece designation (barcode) Copy number Koha date last seen Date acquired Koha normalized classification for sorting Withdrawn status Price effective from Koha issues (times borrowed) Location (home branch) Shelving location Koha date last borrowed Koha out on loan Sublocation or collection (holding branch) Source of classification or shelving scheme Lost status Koha full call number Not for loan
 General Book10392412023-05-062014-09-22510DAS2007 2014-09-223Central Library, BUETCirculation section2022-11-23 Central Library, BUET  510/DAS/2007 
 General Book10392522026-01-132014-09-22510DAS2007 2014-09-226Central Library, BUETCirculation section2026-01-132026-01-27Central Library, BUET  510/DAS/2007 
 General Book10392732025-02-102014-09-22510DAS2007 2014-09-224Central Library, BUETCirculation section2024-12-01 Central Library, BUET  510/DAS/2007 
 General Book10392842023-06-052014-09-22510DAS2007 2014-09-223Central Library, BUETCirculation section2023-03-22 Central Library, BUET  510/DAS/2007 
 General Book10392952016-02-242014-09-22510DAS2007 2014-09-221Central Library, BUETCirculation section2014-11-12 Central Library, BUET  510/DAS/2007 
 General Book10393172023-02-282014-09-22510DAS2007 2014-09-222Central Library, BUETCirculation section2023-01-11 Central Library, BUET  510/DAS/2007 
 General Book10393062026-04-152014-09-22510DAS2007 2014-09-223Central Library, BUETCirculation section2026-04-152026-04-29Central Library, BUET  510/DAS/2007 
 General Book10392282019-03-312015-01-26510_000000000000000_DAS_2007 2015-01-262Central Library, BUETCirculation section2019-01-20 Central Library, BUET  510/DAS/2007 
 General Book10392392025-04-072015-09-01510DAS_2007_000000000000000 2015-09-012Central Library, BUETCirculation section2025-03-02 Central Library, BUET  510DAS/2007 
 General Book103926102024-11-242007-05-28510_000000000000000_DAS_2007 2017-05-2911Central Library, BUETCirculation section2024-11-242024-12-08Central Library, BUET  510/DAS/2007